000 00590nam a2200217Ii 4500
001 1698
003 CO-ViMGA
008 241108s9999||||xx |||||||||||||| ||und||
020 _a842612755X
040 _aCO-ViMGA
_bspa
_erda
_cCO-ViMGA
041 0 _aspa
082 0 4 _a567.91 A43m
100 1 _aAliki
_92639
245 1 0 _aMi visita a los dinosaurios
264 1 _aMadrid, EspaƱa : Juventud, 2001
300 _avolumen
336 _atext
_btxt
_2rdacontent
337 _aunmediated
_bn
_2rdamedia
338 _avolume
_bnc
_2rdacarrier
940 _aidficha_siabuc: 1664. -- ficha_no_siabuc:1698
999 _c39003
_d39003